000 00748nam a2200229Ii 4500
003 JO-AjNU
008 230605s9999||||xx |||||||||||||| ||und||
017 _a2000/11/3129
020 _a9957-11-169-8
040 _aJO-AjNU
_bara
_erda
_cJO-AjNU
041 _aara
050 1 4 _aHD30.213.S252.2001
100 3 _aالسالمي،علاء عبدالرزاق/رياض حامد الدباغ,
_eauthor
_933234
245 0 0 _aتقنيات المعلومات الادارية
250 _aط1
264 3 1 _aعمان:دار وائل للنشر والتوزيع،2001
300 _a345ص
336 _atext
_btxt
_2rdacontent
337 _aunmediated
_bn
_2rdamedia
338 _avolume
_bnc
_2rdacarrier
650 4 _aادارة الاعمال
_933235
999 _aA13505
_c17073
_d17073